| 000 | 00514nam a2200145 4500 | ||
|---|---|---|---|
| 082 | _aMSIS-6 HAR | ||
| 100 | _aHaris Javaid | ||
| 245 | _aA holistic approach towards secure and privacy enhanced email system | ||
| 260 |
_aIslamabad _bNUST-SEECS _c2017 |
||
| 300 |
_a46p. _eCD Includes |
||
| 856 | _uhttp://10.250.8.41:8080/xmlui/handle/123456789/21910 | ||
| 942 |
_2ddc _cTHE |
||
| 999 |
_c332366 _d332366 |
||